| 000 | 00950nam2a22002771 4500 | ||
|---|---|---|---|
| 001 | RU\NLR\INFOCOMM\1000035810 | ||
| 005 | 20250806205949.0 | ||
| 035 | _a(NLR Aleph) 002764617 | ||
| 090 |
_a56243 _c56243 |
||
| 100 | _a20040202d1944 u y0rusy50 ca | ||
| 101 | 0 | _arus | |
| 102 | _aRU | ||
| 105 | _ay ||||||||| | ||
| 200 | 1 |
_aТрехслойные металлизированные подшипники _fЗахарченко, Д.И. |
|
| 210 | _d1944 | ||
| 461 | 0 |
_1001RU\NLR\INFOCOMM\1000035770 _12001#$aИнформационное письмо$fВсесоюз. науч.-ислед. ин-т ж.-д. транспорта$v16(52) |
|
| 700 | 1 |
_aЗахарченко _bД.И. _4070 |
|
| 801 | 1 |
_aRU _bInfoComm _c20040202 |
|
| 801 | 0 |
_aRU _bNLR _gPSBO |
|
| 852 |
_aNLR _jП10/646 |
||
| 942 | _cISSUE | ||
| 945 | _aРоссийская национальная библиотека | ||
| 980 | _aNB | ||
| 980 | _aBV | ||
| 980 | _aRUSPER | ||